Problematyka budowy i utrzymania fortyfikacji stałych w opiniach i działaniach sejmików województw krakowskiego i ruskiego w okresie wojen w połowie XVII wieku
| Titel: | Problematyka budowy i utrzymania fortyfikacji stałych w opiniach i działaniach sejmików województw krakowskiego i ruskiego w okresie wojen w połowie XVII wieku |
|---|---|
| Verfasser: | |
| In: |
Rzeczpospolita w latach potopu, (1996), Seite 109-131 alle Artikel anzeigen |
| Veröffentlicht: | 1996 |
| Format: | Aufsatz |
| Sprache: | Polnisch |
X
alg: 39254059 001A $01999:11-11-16 001B $01999:28-04-17 $t15:04:23.000 001D $01999:11-11-16 001U $0utf8 001X $00 002@ $0Aox 003@ $0392540592 007A $0392540592 $aHEB 007T $0Herdc0066575h 010@ $apol 011@ $a1996 021A $aProblematyka budowy i utrzymania fortyfikacji stałych w opiniach i działaniach sejmików województw krakowskiego i ruskiego w okresie wojen w połowie XVII wieku 028A $7132591707 $8Dybaś, Bogusław$Z1958- [Tp1] $9184344107 031A $h109-131 $j1996 039B $aIn $8--Aau--. Rzeczpospolita w latach potopu. - Wyd. 1. - Kielce, 1996. - ISBN 83-7133-056-1 $x199600000000000891 $9058941207 lok: 39254059 78 exp: 39254059 78 1 #EPN 201B/01 $015-01-19 $t23:00:11.000 201U/01 $0utf8 203@/01 $0788638572 208@/01 $a11-11-16 $be 209A/01 $a/ $f000 $x00 220C/01 $aTitelaufnehmer: ej 244Z/01 $2Trx $#Poola $#Lenkija $#Polija $#Polen Land $#Poland $#Lengyelország $#Poľsko $#Polsko $8--Trx--Polska$gkraj $x01 $9391345966 244Z/01 $2Trx $#Litauen $#Lithuania $#Litwa $#Litva $#Litva $8--Trx--Lietuva $x02 $9391193457 244Z/01 $#Krakau (Woiwodschaft) $#Krakau Woiwodschaft $#Województwo Krakowskie $#Województwo Miejskie Krakowskie $74032745-0 $8--Tg1--Woiwodschaft Krakau $x03 $9085087335 244Z/01 $2Trx $#Rusia $#Ruś $#Województwo Ruskie;Ruskie województwo $8--Trx--Ruthenien $x04 $9391277367 244Z/01 $aGeschichte 1655-1660 $x05 244Z/01 $2Trx $#sõjaväe ehitised $#gynybinė statyba $#Military architecture $#katonai erödítmények $#budownictwo obronne $#stavby obranné vojenské $#opevnění $#Befestigungsanlagen $#Wehrkirchen $#opevňovacie zariadenia $#opevnené kostoly $8--Trx--Wehrbauten $x06 $9391355503 244Z/01 $2Trx $#maapäevad $#kraštų seimai $#State assemblies $#parlamentek $#sejmy krajowe $#snemy zemské $#sněmy zemské $8--Trx--Landtage $x07 $9391359215 244Z/01 $2Trx $8--Trx--Einzelbeiträge $x08 $9391384570 245Z/01 $a07.01;06.03.02 $x01 247C/01 $82080>Marburg/Lahn, Herder-Institut, Forschungsbibliothek, Bibliographieportal $9336309341
| LEADER | 00000caa a22000002c 4500 | ||
|---|---|---|---|
| 001 | 392540592 | ||
| 003 | DE-603 | ||
| 005 | 20170428150423.0 | ||
| 007 | tu | ||
| 008 | 161111s1996 xx |||| | u00||u|pol c | ||
| 035 | |a (DE-599)HEB392540592 | ||
| 040 | |a DE-603 |b ger |c DE-603 |d DE-603 | ||
| 041 | |a pol | ||
| 100 | 1 | |a Dybaś, Bogusław |d 1958- |0 (DE-603)184344107 |0 (DE-588)132591707 |2 gnd | |
| 245 | 0 | 0 | |a Problematyka budowy i utrzymania fortyfikacji stałych w opiniach i działaniach sejmików województw krakowskiego i ruskiego w okresie wojen w połowie XVII wieku |
| 264 | 0 | |c 1996 | |
| 773 | 0 | 8 | |i In |t Rzeczpospolita w latach potopu |b Wyd. 1 |d Kielce, 1996 |z 8371330561 |g (1996), Seite 109-131 |w (DE-603)058941207 |
| 924 | 0 | |9 2080 |a (DE-603)788638572 |b DE-2080 |c HES |d d |g / | |


